000 00265nam a2200109Ia 4500
008 220714s9999 xx 000 0 und d
020 _a0 624 03083 0
082 _aAKF STOR
100 _aNo author, editors only
245 0 _aSTORIES SUID VAN DIE SON
942 _cBK
_y561
_zJohn Tresidder
999 _c691458
_d691457